| 000 | 00517nam a2200121Ia 4500 | ||
|---|---|---|---|
| 008 | 220615s9999||||xx |||||||||||||| ||und|| | ||
| 100 | _aShimizu, Kosuke||Bradley, William S. | ||
| 245 | 0 | _aMulticulturalism and Conflict Reconciliation in the Asia-Pacific | |
| 546 | _aEnglish[eng] | ||
| 650 | _aInternational Relations||Asian Politics and Law||Sociology||Migration||Development||Ethnicity and Identity||General||Politics||Asian Studies | ||
| 856 | _uhttp://link.springer.com/book/10.1007/978-1-137-40360-5 | ||
| 942 | _cEB | ||
| 999 |
_c8476 _d8476 |
||